|
|
|
|
| LEADER |
01696cas a2200241 a 4500 |
| 001 |
AALejournalIMF019802 |
| 008 |
230101c9999 xx r poo 0 0eng d |
| 020 |
|
|
|c 5.00 USD
|
| 020 |
|
|
|z 9781498331715
|
| 022 |
|
|
|a 2663-3493
|
| 040 |
|
|
|a BD-DhAAL
|c BD-DhAAL
|
| 110 |
2 |
|
|a International Monetary Fund.
|
| 245 |
1 |
0 |
|a Further Debt Relief for Low-Income Countries :
|b Key Issues and Preliminary Considerations.
|
| 264 |
|
1 |
|a Washington, D.C. :
|b International Monetary Fund,
|c 2005.
|
| 300 |
|
|
|a 1 online resource (23 pages)
|
| 490 |
1 |
|
|a Policy Papers
|
| 500 |
|
|
|a <strong>Off-Campus Access:</strong> No User ID or Password Required
|
| 500 |
|
|
|a <strong>On-Campus Access:</strong> No User ID or Password Required
|
| 506 |
|
|
|a Electronic access restricted to authorized BRAC University faculty, staff and students
|
| 520 |
3 |
|
|a The International Monetary and Finance Committee at its 2004 Annual Meetings called on the international community to provide assistance including 'further debt relief' to low-income countries for achieving the Millennium Development Goals (MDGs). It reaffirmed the Fund's 'important role' in supporting lowincome countries and called on the Fund to consider 'further debt relief and its financing.' More impetus for this request was provided by various recent proposals (summarized in Annex I). At their meeting in London in February, G7 Finance Ministers expressed their willingness to provide as much as 100 percent multilateral debt relief.
|
| 538 |
|
|
|a Mode of access: Internet
|
| 830 |
|
0 |
|a Policy Papers; Policy Paper ;
|v No. 2005/077
|
| 856 |
4 |
0 |
|z Full text available on IMF
|u http://elibrary.imf.org/view/journals/007/2005/077/007.2005.issue-077-en.xml
|z IMF e-Library
|